AFL Best games of each round 2025 - Statistics

General Stats
  • This quiz has been taken 26 times
  • The average score is 22 of 29
Answer Stats
Round Ground Losing team Winning team Margin % Correct
2 MCG Western Bulldogs (H) Collingwood By 6
94%
12 ENGIE Stadium Richmond (A) GWS By 3
94%
1 MCG Carlton (A) Richmond By 16
94%
13 Adelaide Oval Brisbane (A) Adelaide By 5
89%
4 PF Stadium Adelaide (A) (Robbed) Gold Coast By 1
89%
15 ENGIE Stadium Gold Coast (A) GWS By 7
89%
0 SCG Sydney (H) Hawthorn By 20
89%
17 SCG Fremantle (A) Sydney By 11
89%
9 Adelaide Oval Port Adelaide (H) Adelaide By 5
83%
11 GMHBA Stadium Western Bulldogs (A) Geelong By 14
83%
21 Adelaide Oval Hawthorn (A) Adelaide By 14
78%
7 MCG Geelong (A) Carlton By 18
78%
8 MCG Collingwood (H) Geelong By 3
78%
18 PF Stadium Collingwood (A) Gold Coast By 6
78%
3 Marvel Stadium Carlton (H) Western Bulldogs By 8
78%
23 Adelaide Oval Collingwood (A) Adelaide By 3
72%
10 TIO Stadium Hawthorn (A) Gold Coast By 8
72%
FW1 Optus Stadium Fremantle (H) Gold Coast By 1
72%
24 ENGIE Stadium St Kilda (A) GWS By 11
72%
5 Norwood Oval Western Bulldogs (H) Brisbane By 21
67%
6 MCG Hawthorn (A) Geelong By 7
67%
PF MCG Collingwood (H) Brisbane By 30
61%
GF MCG Geelong (A) Brisbane By 47
61%
19 MCG Collingwood (H) Fremantle By 1
61%
SF Adelaide Oval Adelaide (H) Hawthorn By 34
61%
14 GABBA Brisbane (H) GWS By 11
56%
20 Marvel Stadium Melbourne (A) St Kilda By 6
50%
16 SCG Sydney (H) Western Bulldogs By 9
50%
22 MCG Melbourne (H) Western Bulldogs By 6
44%
No matching quizzes found
Score Distribution
Percent of People with Each Score
Percentile by Number Answered
Your Score History
You have not taken this quiz